000 00366nam a22001337a 4500
020 _a0-412-28540-1
082 _a006.6 BAT'M
100 _aBATTY, MICHAEL
_966676
245 _aMICRO COMPUTER GRAPHICS, ART DESIGN AND CREATIVE MODELING
260 _aLONDON
_bCHAPMAN & HALL
_c1987
300 _aXII, 300P
650 _aMICROCOMPUTER PROGRAMMING
_966677
942 _cBK
999 _c574608
_d574608